000 01188nam a22002057a 4500
999 _c60319
_d60319
003 Ge_BSU
005 20230628170250.0
008 230628s2014 ge ||||| |||| 00| 0 geo d
041 _ageo
080 _a612.8(479.22)+ 821.353.1-94 მ-80
245 _aმოგონებები ივანე ბერიტაშვილზე :
_b[კრებული] /
_cსაქ. მეცნ. ეროვნ. აკადემია; წიგნი გამოსაც. მოამზადა ნანა კიკნაძემ; რედ. თემურ ნანეიშვილი.
264 _aთბილისი,
_c2014.
300 _a252 გვ. :
_b ფოტ. ;
_c20 სმ.
653 _aბერიტაშვილი, ი., 1885-1974 (ივანე)
653 _aქართველი ნეიროქირურგები
700 _aკიკნაძე, ნანა
_eწიგნის გამომცემელი
_917535
700 _aნანეიშვილი, თემურ
_eრედაქტორი
_912702
710 _aსაქ. მეცნ. ეროვნ. აკადემია
_911468
942 _2udc
_cBK